Austerity measures shrink property costs by £120m (Record no. 83196)
[ view plain ]
| 000 -LEADER | |
|---|---|
| fixed length control field | 01040cab a22001935a 4500 |
| 001 - CONTROL NUMBER | |
| control field | L153125 |
| 008 - FIXED-LENGTH DATA ELEMENTS--GENERAL INFORMATION | |
| fixed length control field | 110610e2011 xxk 000 0 eng d |
| 035 ## - SYSTEM CONTROL NUMBER | |
| System control number | (Sirsi) u153125 |
| 041 0# - LANGUAGE CODE | |
| Language code of text/sound track or separate title | eng |
| 100 1# - MAIN ENTRY--PERSONAL NAME | |
| Personal name | Heap, Richard |
| 245 00 - TITLE STATEMENT | |
| Title | Austerity measures shrink property costs by £120m |
| 260 ## - PUBLICATION, DISTRIBUTION, ETC. | |
| Date of publication, distribution, etc. | 2011 |
| 490 #0 - SERIES STATEMENT | |
| Series statement | Property Week |
| Volume/sequential designation | 77(21)27 May 2011, 94-95(2) |
| 520 ## - SUMMARY, ETC. | |
| Summary, etc. | The Cabinet Office's latest annual "State of the Estate" report reveals a 5m sq ft reduction in government property within the last year. Good progress has been made by government to exit leasehold properties. Government will pilot new models of occupation in the next 12 months. Tables describe estate shrinkage, falling property numbers, government property concentration in London and the south-east, small offices as large proportion of the government estate, most buildings are 1970s or older, and one-third in PFIs. |
| 590 ## - LOCAL NOTE (RLIN) | |
| Local note | KA |
| 651 #4 - SUBJECT ADDED ENTRY--GEOGRAPHIC NAME | |
| Geographic name | United Kingdom |
| Chronological subdivision | |
| 690 ## - LOCAL SUBJECT ADDED ENTRY--TOPICAL TERM (OCLC, RLIN) | |
| Topical term or geographic name as entry element | PROPERTY-COMMERCIAL PROPERTY-COMMERCIAL PROPERTY MARKET |
| 942 ## - ADDED ENTRY ELEMENTS (KOHA) | |
| Suppress in OPAC | 0 |
| Withdrawn status | Lost status | Source of classification or shelving scheme | Damaged status | Not for loan | Home library | Current library | Shelving location | Date acquired | Total Checkouts | Full call number | Barcode | Date last seen | Copy number | Price effective from | Koha item type |
|---|---|---|---|---|---|---|---|---|---|---|---|---|---|---|---|
| Dewey Decimal Classification | London | London | Journal article | 10/06/2011 | L153125 | 153125-1001 | 06/08/2019 | 1 | 06/08/2019 | Journal article |